000
00351nam a2200133 a 4500
005
20140412111330.0
008
030116s19uu xx 00 eng d
050
_a
ER
_b
My99 1991
245
_a
My first book of toys.
260
_a
U.K :
_b
Peter Haddock Limited,
_c
1991.
300
_a
1 v. (unp.) ; ill.
650
_a
Children stories
999
_c
104889
_d
104889